000 00159nam a22000857a 4500
082 _a823
100 _aBARBARA PARKER
245 _aSUSPICION OF MALICE
942 _cBK
999 _c8468
_d8468